<?xml version="1.0" encoding="UTF-8"?>
<marc:record xmlns:marc="http://www.loc.gov/MARC21/slim">
   <marc:leader>00000nam a2200000 a 4500</marc:leader>
   <marc:datafield ind1="1" ind2=" " tag="100">
      <marc:subfield code="a">Steinhagen, Jon</marc:subfield>
      <marc:subfield code="4">aut</marc:subfield>
      <marc:subfield code="e">Verfasser/-in</marc:subfield>
   </marc:datafield>
   <marc:datafield ind1="0" ind2="0" tag="245">
      <marc:subfield code="a">Kafka und der Tote am Seil</marc:subfield>
   </marc:datafield>
   <marc:datafield ind1="0" ind2="0" tag="245">
      <marc:subfield code="b">Roman</marc:subfield>
   </marc:datafield>
   <marc:datafield ind1="0" ind2="0" tag="245">
      <marc:subfield code="c">Jon Steinhagen ; Deutsch von Simon Weinert</marc:subfield>
   </marc:datafield>
   <marc:datafield ind1=" " ind2="1" tag="264">
      <marc:subfield code="a">München</marc:subfield>
      <marc:subfield code="b">Penhaligon</marc:subfield>
      <marc:subfield code="c">2022</marc:subfield>
   </marc:datafield>
   <marc:datafield ind1=" " ind2=" " tag="250">
      <marc:subfield code="a">1. Auflage</marc:subfield>
   </marc:datafield>
   <marc:datafield ind1="1" ind2=" " tag="520">
      <marc:subfield code="a">Angaben aus der Verlagsmeldung

Kafka und der Tote am Seil : Roman The Hanging Artist / von Jon Steinhagen

Gestatten: Kafka, Franz Kafka.

Was wäre, wenn Franz Kafka nicht mit 40 Jahren an Tuberkulose verstorben wäre? Wenn er stattdessen am Tag nach seinem vermeintlichen Tod die Augen aufgeschlagen und sich an seinem Krankenbett eine ungewöhnlich große, ungewöhnlich eloquente Kakerlake als Pflegekraft befunden hätte? Die ihm noch dazu ungewöhnlich bekannt vorkäme? Schon bald werden Kafka und Gregor Samsa von einer geheimnisvollen Agentur als Privatermittler engagiert, denn im Wien des Jahres 1924 kommt es zu einer ebenso mysteriösen wie bizarren Mordserie – und des Rätsels Lösung ist absurder als alles, was Kafka sich jemals selbst hätte ausdenken können ...
</marc:subfield>
   </marc:datafield>
   <marc:datafield ind1=" " ind2=" " tag="020">
      <marc:subfield code="a">9783764532697</marc:subfield>
      <marc:subfield code="9">9783764532697</marc:subfield>
   </marc:datafield>
   <marc:datafield ind1=" " ind2=" " tag="300">
      <marc:subfield code="a">429 Seiten</marc:subfield>
   </marc:datafield>
</marc:record>
